| 000 | 01291nam a22003017a 4500 | ||
|---|---|---|---|
| 003 | PE SENCICO BE | ||
| 005 | 20251020182710.0 | ||
| 008 | 250114b |||||||| |||| 00| 0 eng d | ||
| 020 | _a968-887-183-4 | ||
| 040 |
_aPE SENCICO BE _cPE SENCICO BE |
||
| 041 | _aspa | ||
| 082 |
_a711.558 _bC84 |
||
| 100 | 1 |
_92818 _aCrane, Robin _eautor |
|
| 245 | 1 |
_aEspacios deportivos cubiertos / _cRobin Crane, Malcom Dixon |
|
| 250 | _a[1a ed.] | ||
| 260 |
_aBarcelona : _bDiagram Visual Information Limited ; _c1992 |
||
| 300 |
_a[100] h. : _bdiagrs. ; _c29 cm. |
||
| 440 |
_92819 _aColección dimensiones en arquitectura |
||
| 505 | 0 | _aDeportes generales -- Espacios de actividad -- Deportes acuáticos -- Cultura física -- Instalaciones de apoyo | |
| 520 | 3 | _aProporciona soluciones prácticas y fácilmente asequibles al proyecto de espacios, disposiciones en planta y logística en general para todos los deportes que se realizan a cubierto, asi como para las instalciones dedicadas a la cultura física. | |
| 650 | 1 | 0 |
_92820 _aInstalaciones deportivas |
| 650 | 2 | 0 |
_92821 _aCampos deportivos |
| 650 | 2 | 0 |
_92822 _aInstalaciones para la educación física |
| 650 | 2 | 0 |
_9570 _aArquitectura urbana |
| 700 | 1 |
_92823 _aDixon, Malcom _eautor |
|
| 910 |
_ahfp _bhfp _chfp |
||
| 942 |
_2ddc _cLIB |
||
| 999 |
_c5055 _d5055 |
||